000 00747nam a2200229 a 4500
001 BRCA_525
005 20190320203040.0
008 830418s1985 nyua---##b---#001-0#eng-#
020 _a8476160046
040 _aDLC
_cDLC
_dDLC
050 4 _aNK1710
_b.M35 1985
100 1 _aMcCorquodale, Charles
_91814
245 1 0 _aHistoria de la decoración
_cCharles McCorquodale.
260 _aBarcelona
_bStylos
_c1985
300 _a237 p.
_bil. (algunas a color)
_c29 cm.
500 _aTraducción de : The history of interior decoration
500 _aIncluye glosario e índice temático
504 _aBibliografía: p. 233-234
650 1 4 _aDecoración de interiores
_xHistoria
_91815
650 1 4 _aArquitectura interior
_xHistoria
_91816
942 _2lcc
_cB
999 _c457
_d457